000 00705cam a2200205 4500500
005 20260329002943.0
041 _afre
042 _adc
100 1 0 _aRusch, Pierre
_eauthor
245 0 0 _aLa conscience a-t-elle une origine ? Des neurosciences à la pleine conscience : une nouvelle approche de l’esprit
260 _c2014.
500 _a25
690 _aFiche de lecture
690 _aMathilde Lequin
690 _aMichel Bitbol
690 _aNeurosciences
690 _aSciences cognitives
786 0 _nPhilosophie magazine | 78 | 4 | 2014-04-01 | p. 63-64 | 1951-1787
856 4 1 _uhttps://shs.cairn.info/magazine-philosophie-magazine-2014-4-page-63?lang=fr&redirect-ssocas=7080
999 _c1819949
_d1819949